000
00241 a2200097 4500
001
39787
100
_a
De Grdaff K M
245
_a
Concepts of Human Anatomy & Physiology
260
_a
_b
W M C Brown Publishers
_c
1986
090
_c
24794
_d
24794
942
_a
NUST-CAE
_c
M
_c
16440
999
_c
274860
_d
274860